Dance Moms Universe - Coachs - Statistiques

Statistiques générales
  • Ce quiz a été pris 5 fois
  • Le résultat moyen est 4 sur 7
Statistiques - réponses
Hint Réponse % Correct
Dance Moms ALDC Abby Lee Miller
100%
Dance Moms The Irreplaceables Aisha Francis
67%
Dance Moms Miami Stars Dance Studio Angel Armas
67%
Dance Moms : A New Era Studio Bleu Gloria 'Miss Glo' Hampton
67%
Dance Moms Miami Stars Dance Studio Victor Smalley
67%
Dance Moms The Irreplaceables Cheryl Burke
33%
Dance Moms UK/Dance Mums Jelli Studios Jennifer Ellison
33%
Aucun quiz correspondant
Distribution des résultats
% des personnes avec chaque résultat
Percentile par nombre de réponses
Votre historique - résultats
Vous n’avez pas pris ce quiz